Una nueva Constitución para Chile: libro homenaje al profesor Lautaro Ríos Alvarez

Uloženo v:
Podrobná bibliografie
Korporativní autor: Asociación Chilena de Derecho Constitucional (Autor)
Médium: Kniha
Jazyk:španělština
Vydáno: Santiago Jurídica de Chile 2018
Vydání:1a. ed
Témata:
Tagy: Přidat tag
Žádné tagy, Buďte první, kdo vytvoří štítek k tomuto záznamu!

MARC

LEADER 00000cam a2200000 a 4500
001 UCC6835
003 CL-VaPUC
008 190111e20180000cl |||||||||||||||||spa|d
020 |a 9789561025080 
082 0 4 |a 342.83  |b ASO  |2 21 
110 2 |a Asociación Chilena de Derecho Constitucional  |e author  |9 601358 
245 1 4 |a Una nueva Constitución para Chile: libro homenaje al profesor Lautaro Ríos Alvarez 
250 |a 1a. ed 
300 |a 448 p 
942 |c BK 
945 |d 20190111 14:04:00  |a dcastane 
260 |a Santiago  |b Jurídica de Chile  |c 2018 
650 0 |a Derecho constitucional chileno  |9 478271 
650 0 |a Reforma constitucional  |9 332804 
583 |a last modification  |c 20190427 12:26:39  |k Rodrigo Vera 
999 |c 373685  |d 373683 
952 |0 0  |1 0  |3 erb  |4 0  |6 342_830000000000000_ASO_2018  |7 0  |8 A  |9 491895  |a BIBDER  |b BIBDER  |i 5545145  |o 342.83 ASO 2018  |p 5545145  |r 2023-01-25  |w 2019-11-24  |y BK  |z Catalogado en:20190427  |k DER